000
00278nam a22001337a 4500
008
181016b xxu||||| |||| 00| 0 eng d
020
_a
9780132499798
041
_a
eng
080
_a
615
100
_a
6
101
_a
FAR
245
_a
Pharmacology
_c
Moini.J
942
_2
udc
_c
BK
999
_c
49915
_d
49915